000 00916cad a22002055a 4500
001 L156463
008 120524s2012 xxk f 000 0 eng d
035 _a(Sirsi) u156463
041 0 _aeng
110 2 _aUnited Kingdom
_bDepartment of Energy and Climate Change
_95850
245 0 0 _aDraft Energy Bill
_bMay 2012
_h[electronic resource]
260 _aLondon
_bTSO
_c2012
520 _aDraft Energy Bill is published and will establish a legislative framework for delivering secure, affordable and low carbon energy. The Bill includes provision on; electricity market reform, nuclear regulation and a government pipe-line and storage system.
590 _aKA NTK
651 4 _aUnited Kingdom
690 _aEnergy
_96237
690 _aSustainability
_96271
856 4 0 _uhttps://www.official-documents.gov.uk/document/cm83/8362/8362.pdf
_zView the item free of charge at www.official-documents.gov.uk
942 _n0
999 _c114264
_d114264